000 00288nam a22001217a 4500
008 170714b xxu||||| |||| 00| 0 eng d
041 _aeng
080 _25 ED
_a030
100 _a26
101 _aFJA
245 _aA DICTIONARY OF STATISTICAL TERMS
_cMARRIOT.F.H.C
942 _2udc
_cBK
999 _c20950
_d20950